000 00689nmm a2200289 a 4500
003 AR-BaBNM
005 20251128203958.0
008 215019s1987 ||||||||||||||000 | spa||
020 _a950-07-0438-2
040 _cAR-BaBNM
100 1 _aWalsh, María Elena
245 1 0 _aLa reina Batata
260 _aBuenos Aires
_bSudamericana
_c1987
300 0 _a29 p.
_bil.
500 0 _aContiene índice de los poemas
650 4 _aLITERATURA INFANTIL
650 4 _aCULTURA
650 4 _aHUMANIDADES
650 4 _aPOESIA
650 4 _aCANCIONES
650 4 _aHUMOR
651 4 _aArgentina
655 _aLITERATURA
700 0 _aVilar
_eilustrador
942 _cBK
998 _cisola
999 _c5691
_d5691